Valuation of Townscapes and Pedestrianisation (Record no. 114922)
[ view plain ]
| 000 -LEADER | |
|---|---|
| fixed length control field | 01256cad a22002175a 4500 |
| 001 - CONTROL NUMBER | |
| control field | L157687 |
| 008 - FIXED-LENGTH DATA ELEMENTS--GENERAL INFORMATION | |
| fixed length control field | 130228s2013 xxk f 000 0 eng d |
| 035 ## - SYSTEM CONTROL NUMBER | |
| System control number | (Sirsi) u157687 |
| 041 0# - LANGUAGE CODE | |
| Language code of text/sound track or separate title | eng |
| 110 2# - MAIN ENTRY--CORPORATE NAME | |
| Corporate name or jurisdiction name as entry element | Institute for Transport Studies |
| 9 (RLIN) | 6126 |
| 245 00 - TITLE STATEMENT | |
| Title | Valuation of Townscapes and Pedestrianisation |
| Remainder of title | Final Report |
| Medium | [electronic resource] |
| 260 ## - PUBLICATION, DISTRIBUTION, ETC. | |
| Place of publication, distribution, etc. | Leeds |
| Name of publisher, distributor, etc. | Institute for Transport Studies |
| Date of publication, distribution, etc. | 2013 |
| 520 ## - SUMMARY, ETC. | |
| Summary, etc. | Research commissioned by the Department of Transport into users valuations of townscape improvements and pedestrianisation. The short term objectives of this initial study were to explore potential approaches to valuation of these benefits by a review of the relevant literature, an assessment of possible approaches to valuation of townscape and pedestrianisation and a pilot study to test the feasibility of the preferred valuation techniques emerging from the review. |
| 590 ## - LOCAL NOTE (RLIN) | |
| Local note | KA |
| 651 #4 - SUBJECT ADDED ENTRY--GEOGRAPHIC NAME | |
| Geographic name | England |
| Chronological subdivision | 886- |
| 690 ## - LOCAL SUBJECT ADDED ENTRY--TOPICAL TERM (OCLC, RLIN) | |
| Topical term or geographic name as entry element | Planning and development |
| 9 (RLIN) | 6259 |
| 690 ## - LOCAL SUBJECT ADDED ENTRY--TOPICAL TERM (OCLC, RLIN) | |
| Topical term or geographic name as entry element | Valuation |
| 9 (RLIN) | 6273 |
| 710 1# - ADDED ENTRY--CORPORATE NAME | |
| Corporate name or jurisdiction name as entry element | Atkins Consultants |
| 856 40 - ELECTRONIC LOCATION AND ACCESS | |
| Uniform Resource Identifier | <a href="https://www.gov.uk/government/uploads/system/uploads/attachment_data/file/89395/pedestrianisation-townscape-research-report.pdf">https://www.gov.uk/government/uploads/system/uploads/attachment_data/file/89395/pedestrianisation-townscape-research-report.pdf</a> |
| Public note | View the research free of charge at www.gov.uk |
| 942 ## - ADDED ENTRY ELEMENTS (KOHA) | |
| Suppress in OPAC | 0 |
| Withdrawn status | Lost status | Source of classification or shelving scheme | Damaged status | Not for loan | Home library | Current library | Shelving location | Date acquired | Total Checkouts | Full call number | Barcode | Date last seen | Copy number | Price effective from | Koha item type |
|---|---|---|---|---|---|---|---|---|---|---|---|---|---|---|---|
| Dewey Decimal Classification | London | London | Journal article | 28/02/2013 | ONLINE PUBLICATION | 157687-1001 | 06/08/2019 | 1 | 06/08/2019 | Book |